Memorias de un boticario (Record no. 34536)

MARC details
000 -LEADER
campo de control de longitud fija 00692nam a2200181 i 4500
001 - NÚMERO DE CONTROL
campo de control 34536
003 - IDENTIFICADOR DE NÚMERO DE CONTROL
campo de control ES-MaACL
005 - FECHA Y HORA DE LA ÚLTIMA TRANSACCIÓN
campo de control 20230906154941.0
007 - CAMPO FIJO DE DESCRIPCIÓN FÍSICA--INFORMACIÓN GENERAL
campo de control de longitud fija t|
008 - DATOS DE LONGITUD FIJA--INFORMACIÓN GENERAL
campo de control de longitud fija 030207q19001999fr ||||1| spa d
100 1# - ENTRADA PRINCIPAL--NOMBRE DE PERSONA
Nombre de persona Blaze, Sébastien (
Fechas asociadas al nombre 1785-184?)
9 (RLIN) 29436
245 10 - MENCIÓN DEL TÍTULO
Título Memorias de un boticario
Resto del título : (episodios de la Guerra de la Independencia de España) /
Mención de responsabilidad, etc. Sebastian Blaze ; traducción de Mariano Ramón Martínez.
260 ## - PUBLICACIÓN, DISTRIBUCIÓN, ETC.
Lugar de publicación, distribución, etc. Paris :
Nombre del editor, distribuidor, etc. Edit. Hispano-Americana,
Fecha de publicación, distribución, etc. [19??]
300 ## - DESCRIPCIÓN FÍSICA
Extensión 191 p. ;
Dimensiones 19 cm.
651 #4 - PUNTO DE ACCESO ADICIONAL DE MATERIA--NOMBRE GEOGRÁFICO
Nombre geográfico España-
Subdivisión general Historia-
Subdivisión cronológica 1808-1814, Guerra de la Independencia-
Subdivisión de forma Relatos personales.
9 (RLIN) 138809
700 1# - ENTRADA AGREGADA--NOMBRE PERSONAL
Nombre de persona Ramón Martínez, Mariano.
9 (RLIN) 95220
852 ## - LOCALIZACIÓN
Ubicación ES-MaACL
Número de control de estantería D-1747
Holdings
Estatus retirado Estado de pérdida Estado de daño No para préstamo Colección Biblioteca de origen Biblioteca actual Ubicación en estantería Fecha de adquisición Fuente de adquisición Total de préstamos Signatura topográfica completa Código de barras Visto por última vez Precio de reemplazo Tipo de ítem Koha
        Libros del s. XIX Biblioteca del Ateneo de Madrid Biblioteca del Ateneo de Madrid Sala Valle Inclán 17/01/2008     D-1747 901036022 23/02/2023 23/02/2023 Libro impreso antiguo